[Event "Mecklenburg VP LL2 Ost 1718"]
[Site "Mecklenburg VP"]
[Date "2018.04.22"]
[Round "9.7"]
[White "Greinert, Timo"]
[Black "Onila, Ionut"]
[Result "1-0"]
[WhiteElo "1780"]
[BlackElo "1205"]
[PlyCount "55"]
[EventDate "2017.10.08"]
[EventType "team-tourn"]
[EventRounds "9"]
[EventCountry "GER"]
[SourceTitle "EXT 2022"]
[Source "ChessBase"]
[SourceDate "2021.10.06"]
[SourceVersion "1"]
[SourceVersionDate "2021.10.06"]
[SourceQuality "1"]
[WhiteTeam "Torgelow Droegeheide II"]
[BlackTeam "Rostock SSC 07 II"]
[WhiteTeamCountry "GER"]
[BlackTeamCountry "GER"]

1. c4 Nf6 2. Nc3 c6 3. d4 d5 4. cxd5 cxd5 5. Bf4 g6 6. e3 Bg7 7. Bxb8 Rxb8 8. Qa4+ Bd7 9. Qxa7 0-0 10. Qa3 Re8 11. Nf3 Bc6 12. b4 b6 13. Ne5 Bd7 14. Nxd7 Nxd7 15. Nxd5 e5 16. dxe5 Nxe5 17. Rd1 Qg5 18. Nf4 Ng4 19. Be2 Ra8 20. Qb3 Rec8 21. 0-0 Rc3 22. Qd5 Be5 23. Qxa8+ Kg7 24. Bxg4 Qxg4 25. Qf3 Qh4 26. g3 Qh6 27. Rd7 Rc6 28. Ne6+ 1-0

[Event "Mecklenburg VP LL2 Ost 1718"]
[Site "Mecklenburg VP"]
[Date "2017.12.10"]
[Round "4.7"]
[White "Greinert, Timo"]
[Black "Rosin, Ralf"]
[Result "1-0"]
[WhiteElo "1780"]
[BlackElo "1722"]
[PlyCount "102"]
[EventDate "2017.10.08"]
[EventType "team-tourn"]
[EventRounds "9"]
[EventCountry "GER"]
[SourceTitle "EXT 2022"]
[Source "ChessBase"]
[SourceDate "2021.10.06"]
[SourceVersion "1"]
[SourceVersionDate "2021.10.06"]
[SourceQuality "1"]
[WhiteTeam "Torgelow Droegeheide II"]
[BlackTeam "Wolgast Motor"]
[WhiteTeamCountry "GER"]
[BlackTeamCountry "GER"]

1. c4 e6 2. Nc3 Nf6 3. g3 Nc6 4. Bg2 Be7 5. e3 0-0 6. Nge2 d5 7. cxd5 exd5 8. d4 Bb4 9. 0-0 Ne7 10. Qb3 a5 11. Bd2 Bxc3 12. bxc3 c6 13. c4 dxc4 14. Qxc4 Be6 15. Qc2 Ned5 16. Rfc1 Qd7 17. e4 Nb4 18. Qb1 Nxa2 19. Rxa2 Bxa2 20. Qxa2 Rfe8 21. e5 Nd5 22. Bxd5 Qxd5 23. Qxd5 cxd5 24. Rc5 a4 25. Nc3 a3 26. Na2 Rec8 27. Bb4 Rxc5 28. Bxc5 Ra4 29. Bb4 Ra6 30. Kf1 Rc6 31. Bc3 f6 32. exf6 gxf6 33. Ke2 b5 34. Kd3 Kf7 35. Kc2 Re6 36. Nc1 f5 37. Kb3 f4 38. Kxa3 fxg3 39. hxg3 Rf6 40. Nd3 Ke6 41. Bd2 Kf5 42. Be3 h5 43. Kb4 Re6 44. Ne5 Rxe5 45. dxe5 Kxe5 46. Kxb5 d4 47. Bd2 Ke4 48. f4 Kd5 49. Kb4 Ke4 50. Kc4 d3 51. Kc3 Kf3 1-0

[Event "Mecklenburg VP LL2 Ost 1617"]
[Site "Mecklenburg VP"]
[Date "2017.04.02"]
[Round "8.5"]
[White "Greinert, Timo"]
[Black "Klinger, Clemens"]
[Result "1-0"]
[WhiteElo "1805"]
[BlackElo "1566"]
[PlyCount "91"]
[EventDate "2016.10.16"]
[EventType "team-tourn"]
[EventRounds "9"]
[EventCountry "GER"]
[SourceTitle "EXT 2022"]
[Source "ChessBase"]
[SourceDate "2021.10.06"]
[SourceVersion "1"]
[SourceVersionDate "2021.10.06"]
[SourceQuality "1"]
[WhiteTeam "Torgelow Droegeheide II"]
[BlackTeam "Stralsund FHSG II"]
[WhiteTeamCountry "GER"]
[BlackTeamCountry "GER"]

1. c4 e5 2. Nc3 Nf6 3. g3 Nc6 4. Bg2 Be7 5. e3 0-0 6. Nge2 d6 7. 0-0 Bg4 8. a3 Rb8 9. b4 a6 10. Bb2 Qd7 11. Qc2 Bf5 12. d3 Bh3 13. Rfd1 Bxg2 14. Kxg2 Qg4 15. Nd5 Nxd5 16. cxd5 Na7 17. h3 Qd7 18. d4 f6 19. Rac1 Rbc8 20. f4 c6 21. Qb3 Kh8 22. dxe5 fxe5 23. fxe5 Qf5 24. Rf1 Qe4+ 25. Kh2 dxe5 26. Qc3 Bf6 27. Qc5 Nb5 28. dxc6 Rfd8 29. Qb6 bxc6 30. Rf2 h6 31. Nc3 Nxc3 32. Bxc3 Bg5 33. Bd2 Kh7 34. Qxa6 Rf8 35. Qe2 Rxf2+ 36. Qxf2 Qd3 37. Rf1 Bf6 38. Qf5+ Qxf5 39. Rxf5 Rd8 40. Rf2 Rd3 41. a4 Ra3 42. a5 Bg5 43. Kg2 Bxe3 44. Bxe3 Rxe3 45. Ra2 Rb3 46. a6 1-0

[Event "Mecklenburg VP LL2 Ost 1415"]
[Site "Mecklenburg VP"]
[Date "2015.02.22"]
[Round "6.4"]
[White "Greinert, Timo"]
[Black "Rossmann, Andreas"]
[Result "1/2-1/2"]
[WhiteElo "1785"]
[BlackElo "1941"]
[PlyCount "32"]
[EventDate "2014.09.21"]
[EventType "team-tourn"]
[EventRounds "9"]
[EventCountry "GER"]
[SourceTitle "EXT 2022"]
[Source "ChessBase"]
[SourceDate "2021.10.06"]
[SourceVersion "1"]
[SourceVersionDate "2021.10.06"]
[SourceQuality "1"]
[WhiteTeam "Torgelow Droegeheide II"]
[BlackTeam "Neubrandenburg SG Eintracht"]
[WhiteTeamCountry "GER"]
[BlackTeamCountry "GER"]

1. c4 Nf6 2. Nc3 g6 3. e4 d6 4. d4 Bg7 5. f4 c5 6. dxc5 Qa5 7. Bd2 Qxc5 8. Nf3 Bg4 9. Qb3 Bxf3 10. gxf3 Nbd7 11. Qb5 0-0 12. Qxc5 Nxc5 13. 0-0-0 Rac8 14. Kc2 Rfd8 15. Be3 b6 16. Bh3 Rb8 1/2-1/2

[Event "Mecklenburg VP LL2 Ost 1415"]
[Site "Mecklenburg VP"]
[Date "2014.11.09"]
[Round "2.4"]
[White "Greinert, Timo"]
[Black "Buenz, Heinrich"]
[Result "1-0"]
[WhiteElo "1785"]
[BlackElo "1609"]
[PlyCount "51"]
[EventDate "2014.09.21"]
[EventType "team-tourn"]
[EventRounds "9"]
[EventCountry "GER"]
[SourceTitle "EXT 2022"]
[Source "ChessBase"]
[SourceDate "2021.10.06"]
[SourceVersion "1"]
[SourceVersionDate "2021.10.06"]
[SourceQuality "1"]
[WhiteTeam "Torgelow Droegeheide II"]
[BlackTeam "Neubrandenburg SG Eintracht III"]
[WhiteTeamCountry "GER"]
[BlackTeamCountry "GER"]

1. c4 Nf6 2. Nc3 e6 3. d4 Be7 4. Bf4 0-0 5. g3 d6 6. Bg2 Nbd7 7. Nf3 c6 8. 0-0 b6 9. Qc2 Bb7 10. e4 Nh5 11. Be3 g6 12. Rac1 f5 13. exf5 exf5 14. Ne2 Ng7 15. Rfe1 Rf7 16. Bh6 Nf8 17. Nf4 Qd7 18. d5 cxd5 19. cxd5 Rc8 20. Qd2 Qb5 21. Nd4 Qa6 22. Bf1 Qa5 23. b4 Qa4 24. Bb5 Qa3 25. Rxc8 Bxc8 26. Re3 1-0

[Event "Mecklenburg VP LL2 Ost 1213"]
[Site "Mecklenburg VP"]
[Date "2013.04.14"]
[Round "8.2"]
[White "Dupke, Andreas"]
[Black "Greinert, Timo"]
[Result "1-0"]
[WhiteElo "1765"]
[BlackElo "1815"]
[PlyCount "43"]
[EventDate "2012.10.14"]
[EventType "team-tourn"]
[EventRounds "9"]
[EventCountry "GER"]
[SourceTitle "EXT 2022"]
[Source "ChessBase"]
[SourceDate "2021.10.06"]
[SourceVersion "1"]
[SourceVersionDate "2021.10.06"]
[SourceQuality "1"]
[WhiteTeam "Neubrandenburg SV Turbine"]
[BlackTeam "Torgelow Droegeheide II"]
[WhiteTeamCountry "GER"]
[BlackTeamCountry "GER"]

1. e4 c6 2. d4 d5 3. exd5 cxd5 4. c4 Nc6 5. Nf3 Bf5 6. cxd5 Qxd5 7. Nc3 Qd8 8. d5 Nb8 9. Nd4 Bd7 10. Bf4 a6 11. Qb3 b6 12. Rd1 Nf6 13. Nc6 Bxc6 14. dxc6 Qc8 15. Qxb6 Nxc6 16. Bc7 Qe6+ 17. Be2 g6 18. Rd6 exd6 19. Qxc6+ Ke7 20. Qxa8 Bg7 21. Qxa6 Rc8 22. Bxd6+ 1-0

[Event "Mecklenburg VP LL2 Ost 1213"]
[Site "Mecklenburg VP"]
[Date "2013.01.13"]
[Round "5.2"]
[White "Buenz, Heinrich"]
[Black "Greinert, Timo"]
[Result "0-1"]
[WhiteElo "1712"]
[BlackElo "1815"]
[PlyCount "118"]
[EventDate "2012.10.14"]
[EventType "team-tourn"]
[EventRounds "9"]
[EventCountry "GER"]
[SourceTitle "EXT 2022"]
[Source "ChessBase"]
[SourceDate "2021.10.06"]
[SourceVersion "1"]
[SourceVersionDate "2021.10.06"]
[SourceQuality "1"]
[WhiteTeam "Neubrandenburg SG Eintracht II"]
[BlackTeam "Torgelow Droegeheide II"]
[WhiteTeamCountry "GER"]
[BlackTeamCountry "GER"]

1. Nf3 d5 2. c4 c6 3. cxd5 cxd5 4. g3 Nc6 5. d4 Nf6 6. Bg2 Bf5 7. 0-0 h6 8. Nc3 e6 9. a3 Be7 10. Bf4 0-0 11. Re1 Nh5 12. Bd2 Qb6 13. Na4 Qc7 14. Rc1 Rac8 15. Ne5 Nf6 16. b4 Qb8 17. Nxc6 Rxc6 18. f3 Rxc1 19. Bxc1 Rc8 20. e4 Bg6 21. Bf4 Qa8 22. g4 b5 23. Nc5 Bxc5 24. dxc5 dxe4 25. fxe4 Bxe4 26. Bxe4 Nxe4 27. Qd4 Nf6 28. h3 Qd5 29. Qxd5 Nxd5 30. Be5 f6 31. Bd6 Kf7 32. Rc1 Rc6 33. Kf2 g6 34. Kf3 e5 35. Ke4 Ke6 36. Bf8 f5+ 37. gxf5+ gxf5+ 38. Kf3 e4+ 39. Kf2 Nf4 40. Ke3 Nxh3 41. Rh1 Ra6 42. Bxh6 Rxa3+ 43. Ke2 f4 44. Rd1 f3+ 45. Kd2 Rd3+ 46. Kc2 Rxd1 47. Kxd1 Nf2+ 48. Kd2 Nd3 49. Be3 Nxb4 50. Bf2 Kd5 51. Ke3 Nd3 52. c6 Kxc6 53. Kxe4 Nxf2+ 54. Kxf3 b4 55. Ke3 Kb5 56. Kd2 Ka4 57. Kc2 Ka3 58. Kb1 Kb3 59. Ka1 Kc2 0-1

[Event "Mecklenburg VP LL2 Ost 1112"]
[Site "Mecklenburg VP"]
[Date "2012.03.04"]
[Round "6.5"]
[White "Greinert, Timo"]
[Black "Schroeder, Christian"]
[Result "1-0"]
[WhiteElo "1771"]
[BlackElo "1881"]
[PlyCount "95"]
[EventDate "2011.10.02"]
[EventType "team-tourn"]
[EventRounds "9"]
[EventCountry "GER"]
[SourceTitle "EXT 2022"]
[Source "ChessBase"]
[SourceDate "2021.10.06"]
[SourceVersion "1"]
[SourceVersionDate "2021.10.06"]
[SourceQuality "1"]
[WhiteTeam "Torgelow Droegeheide II"]
[BlackTeam "Rostock HSG Uni"]
[WhiteTeamCountry "GER"]
[BlackTeamCountry "GER"]

1. c4 e5 2. Nc3 d6 3. g3 f5 4. Bg2 Nf6 5. e3 Nc6 6. Nge2 Be6 7. b3 Be7 8. d4 Bf7 9. Ba3 e4 10. f3 d5 11. Bxe7 Qxe7 12. cxd5 Bxd5 13. fxe4 Bxe4 14. Bxe4 Nxe4 15. Nxe4 Qxe4 16. Kf2 0-0-0 17. Nc3 Qe7 18. Qf3 Kb8 19. a3 h5 20. h4 g5 21. hxg5 Qxg5 22. Rh4 Rh7 23. Rah1 Rdh8 24. Nd5 a6 25. Nf4 Qg8 26. Qd5 Qxd5 27. Nxd5 Na5 28. Rb1 Rh6 29. Kf3 Rg6 30. Ne7 Rf6 31. Kf4 Rb6 32. Nxf5 Nxb3 33. g4 a5 34. Rxh5 Rf8 35. g5 a4 36. Rh6 Nxd4 37. Rhxb6 Rxf5+ 38. Kg4 cxb6 39. exd4 Rf8 40. Rxb6 Kc7 41. Rb4 Kd6 42. Rxb7 Kd5 43. Rb4 Ke4 44. Rxa4 Rf1 45. Kh5 Kf5 46. Ra5+ Ke4 47. g6 Kxd4 48. g7 1-0

[Event "Mecklenburg VP LL2 Ost 1112"]
[Site "Mecklenburg VP"]
[Date "2011.10.02"]
[Round "1.5"]
[White "Greinert, Timo"]
[Black "Poppe, Thomas"]
[Result "1/2-1/2"]
[WhiteElo "1771"]
[BlackElo "1662"]
[PlyCount "96"]
[EventDate "2011.10.02"]
[EventType "team-tourn"]
[EventRounds "9"]
[EventCountry "GER"]
[SourceTitle "EXT 2022"]
[Source "ChessBase"]
[SourceDate "2021.10.06"]
[SourceVersion "1"]
[SourceVersionDate "2021.10.06"]
[SourceQuality "1"]
[WhiteTeam "Torgelow Droegeheide II"]
[BlackTeam "Graal Mueritz"]
[WhiteTeamCountry "GER"]
[BlackTeamCountry "GER"]

1. c4 c5 2. Nc3 Nc6 3. g3 Nf6 4. Bg2 d6 5. a3 Bd7 6. Rb1 Qa5 7. e3 g6 8. d3 Bg7 9. Bd2 Ne5 10. Qc2 Bf5 11. e4 Bd7 12. Nd5 Qd8 13. b4 b6 14. Nxf6+ Bxf6 15. Bc3 0-0 16. Ne2 Bg4 17. f4 Nf3+ 18. Kf2 Nd4 19. Bxd4 cxd4 20. e5 dxe5 21. Bxa8 Qxa8 22. Rhf1 Qf3+ 23. Ke1 Qe3 24. Qd2 exf4 25. gxf4 Bh4+ 26. Kd1 Qh3 27. Kc2 Rd8 28. Ng3 Bxg3 29. hxg3 Qxg3 30. Rg1 Qf3 31. Rbf1 Qe2 32. Rf2 Qxd2+ 33. Rxd2 h5 34. Rh2 Kg7 35. a4 Rd7 36. a5 f6 37. axb6 axb6 38. Ra1 Rb7 39. Ra6 Kf7 40. Kb3 e6 41. Ka4 e5 42. fxe5 fxe5 43. Rf2+ Ke7 44. b5 Bf5 45. Rf3 e4 46. dxe4 Bxe4 47. Rf4 Bc2+ 48. Kb4 d3 1/2-1/2

[Event "Mecklenburg VP LL2 Ost 1011"]
[Site "Mecklenburg VP"]
[Date "2011.01.23"]
[Round "6.6"]
[White "Greinert, Timo"]
[Black "Patzenhauer, Max"]
[Result "0-1"]
[WhiteElo "1764"]
[BlackElo "1625"]
[PlyCount "110"]
[EventDate "2010.10.10"]
[EventType "team-tourn"]
[EventRounds "9"]
[EventCountry "GER"]
[SourceTitle "EXT 2022"]
[Source "ChessBase"]
[SourceDate "2021.10.06"]
[SourceVersion "1"]
[SourceVersionDate "2021.10.06"]
[SourceQuality "1"]
[WhiteTeam "Torgelow Droegeheide II"]
[BlackTeam "Wolgast Motor"]
[WhiteTeamCountry "GER"]
[BlackTeamCountry "GER"]

1. c4 Nf6 2. Nc3 g6 3. d4 d5 4. cxd5 Nxd5 5. e4 Nxc3 6. bxc3 Bg7 7. Bb2 0-0 8. Nf3 c5 9. Qc2 Nc6 10. d5 Ne5 11. Nxe5 Bxe5 12. Be2 Bd7 13. 0-0 Qc7 14. g3 b5 15. f4 Bg7 16. c4 Bxb2 17. Qxb2 bxc4 18. Bxc4 Rab8 19. Qc2 Rb4 20. Rab1 Rfb8 21. Rxb4 cxb4 22. Rc1 Rc8 23. Kg2 Bb5 24. Bd3 Qxc2+ 25. Rxc2 Rxc2+ 26. Bxc2 Bc4 27. Bb1 a5 28. Kf2 a4 29. Ke3 b3 30. a3 Kf8 31. Kd4 Bb5 32. Kc5 Bd7 33. Kb4 Ke8 34. Bd3 Kd8 35. Kc3 Kc7 36. Be2 Kb6 37. Bf3 Kc5 38. Bg2 Bb5 39. Bf3 Ba6 40. Bg4 Bb5 41. Bf3 h6 42. Bg4 f6 43. Bh3 b2 44. Kxb2 Kd4 45. Bg2 Bd3 46. Bf3 Bxe4 47. Bd1 Bxd5 48. Bxa4 e5 49. fxe5 fxe5 50. Kc2 Ke3 51. Kd1 Kf2 52. Be8 g5 53. Bh5 e4 54. Kd2 e3+ 55. Kd1 Bb3+ 0-1

[Event "Dresden ZMD op"]
[Site "Dresden"]
[Date "2007.07.26"]
[Round "6"]
[White "Boehnisch, Manfred"]
[Black "Greinert, Timo"]
[Result "1-0"]
[WhiteElo "2346"]
[BlackElo "2113"]
[PlyCount "73"]
[EventDate "2007.07.21"]
[EventType "swiss"]
[EventRounds "9"]
[EventCountry "GER"]
[SourceTitle "EXT 2008"]
[Source "ChessBase"]
[SourceDate "2007.11.25"]
[SourceVersion "1"]
[SourceVersionDate "2007.11.25"]
[SourceQuality "1"]

1. e4 c5 2. Nf3 Nc6 3. Bb5 g6 4. 0-0 Bg7 5. Nc3 e6 6. Bxc6 bxc6 7. e5 d5 8. exd6 Qxd6 9. Ne4 Qe7 10. d3 Nf6 11. Bg5 h6 12. Bxf6 Bxf6 13. Nxf6+ Qxf6 14. b3 0-0 15. Qd2 Kg7 16. Rae1 c4 17. bxc4 c5 18. Ne5 Rd8 19. Qa5 Bb7 20. Qxc5 Qg5 21. g3 Rac8 22. Qxa7 Rc7 23. Qa5 Rdc8 24. f4 Qh5 25. Qd2 Rh8 26. Qf2 Qf5 27. Re2 h5 28. Qb6 Rhc8 29. Qd4 Kg8 30. Nd7 h4 31. Nf6+ Kf8 32. g4 Qa5 33. f5 gxf5 34. gxf5 Re7 35. Nd7+ Kg8 36. Nf6+ Kf8 37. Qxh4 1-0

[Event "Dresden ZMD op"]
[Site "Dresden"]
[Date "2007.07.23"]
[Round "3"]
[White "Greinert, Timo"]
[Black "Turikov, Viktor"]
[Result "0-1"]
[WhiteElo "2113"]
[BlackElo "2340"]
[PlyCount "108"]
[EventDate "2007.07.21"]
[EventType "swiss"]
[EventRounds "9"]
[EventCountry "GER"]
[SourceTitle "EXT 2008"]
[Source "ChessBase"]
[SourceDate "2007.11.25"]
[SourceVersion "1"]
[SourceVersionDate "2007.11.25"]
[SourceQuality "1"]

1. e4 e6 2. d4 b6 3. Nf3 Bb7 4. Bd3 Nc6 5. 0-0 Nb4 6. c4 Nxd3 7. Qxd3 d6 8. Nc3 Nf6 9. a3 Be7 10. b4 0-0 11. Re1 Nd7 12. e5 a5 13. exd6 cxd6 14. Bb2 Nf6 15. Ng5 Qc7 16. Nb5 Qd7 17. d5 e5 18. f4 h6 19. fxe5 dxe5 20. Ne4 Nxe4 21. Qxe4 axb4 22. Qxe5 Bf6 23. Qe2 Rfe8 24. Qc2 Rxe1+ 25. Rxe1 Bxb2 26. Qxb2 bxa3 27. Nxa3 Qd6 28. Nb5 Qc5+ 29. Qd4 Qxd4+ 30. Nxd4 Rc8 31. d6 Rd8 32. Nb5 Bc6 33. Rd1 Bxb5 34. cxb5 Rd7 35. Rc1 Rxd6 36. Rc6 Re6 37. Rc8+ Kh7 38. Rc7 Kg6 39. Rb7 Rf6 40. g3 Kf5 41. Re7 g5 42. Kg2 h5 43. h3 Kg6 44. Rc7 Re6 45. Kf3 f6 46. Rb7 Kf5 47. g4+ hxg4+ 48. hxg4+ Ke5 49. Rd7 Rd6 50. Re7+ Kd4 51. Rc7 Rd5 52. Rc6 Rxb5 53. Rxf6 Rb1 54. Rf5 Rf1+ 0-1

[Event "Mecklenburg VP LL 0405"]
[Site "Mecklenburg VP"]
[Date "2005.04.24"]
[Round "9.4"]
[White "Greinert, Timo"]
[Black "Westphal, Wolfgang"]
[Result "0-1"]
[WhiteElo "1867"]
[BlackElo "2111"]
[PlyCount "52"]
[EventDate "2004.10.24"]
[EventType "team"]
[EventRounds "9"]
[EventCountry "GER"]
[SourceTitle "EXT 2009"]
[Source "ChessBase"]
[SourceDate "2008.11.26"]
[SourceVersion "1"]
[SourceVersionDate "2008.11.26"]
[SourceQuality "1"]
[WhiteTeam "Torgelow Greif"]
[BlackTeam "Schwerin"]
[WhiteTeamCountry "GER"]
[BlackTeamCountry "GER"]

1. c4 Nf6 2. Nc3 e5 3. g3 Bb4 4. Bg2 Bxc3 5. bxc3 0-0 6. Rb1 Nc6 7. e3 b6 8. Ne2 Bb7 9. 0-0 d6 10. d3 Qc8 11. f4 e4 12. dxe4 Re8 13. c5 Nxe4 14. cxd6 Nxd6 15. Nd4 Ne7 16. Bxb7 Qxb7 17. Qf3 Ne4 18. Bb2 c5 19. Nc2 f5 20. Rfd1 Qa6 21. a3 Qa4 22. Qe2 Rad8 23. Ne1 Nd5 24. Rbc1 Nexc3 25. Bxc3 Nxc3 26. Rxc3 Qxd1 0-1

[Event "Mecklenburg VP LL 0405"]
[Site "Mecklenburg VP"]
[Date "2005.03.13"]
[Round "7.5"]
[White "Greinert, Timo"]
[Black "Hellwig, Martin"]
[Result "0-1"]
[WhiteElo "1867"]
[BlackElo "1953"]
[PlyCount "44"]
[EventDate "2004.10.24"]
[EventType "team"]
[EventRounds "9"]
[EventCountry "GER"]
[SourceTitle "EXT 2009"]
[Source "ChessBase"]
[SourceDate "2008.11.26"]
[SourceVersion "1"]
[SourceVersionDate "2008.11.26"]
[SourceQuality "1"]
[WhiteTeam "Torgelow Greif"]
[BlackTeam "Neubrandenburg"]
[WhiteTeamCountry "GER"]
[BlackTeamCountry "GER"]

1. c4 Nf6 2. Nc3 g6 3. d4 Bg7 4. e4 d6 5. Nf3 0-0 6. Be2 e5 7. dxe5 dxe5 8. 0-0 c6 9. Qc2 Qe7 10. Bg5 Bg4 11. Rad1 Nbd7 12. Rd2 Rfd8 13. Rfd1 Bxf3 14. Bxf3 Nf8 15. Bg4 h6 16. Bxf6 Bxf6 17. a3 h5 18. Bh3 Nh7 19. Rd7 Rxd7 20. Rxd7 Qc5 21. Na4 Qa5 22. Rxb7 Qe1# 0-1

[Event "Mecklenburg VP LL 0405"]
[Site "Mecklenburg VP"]
[Date "2005.01.16"]
[Round "5.5"]
[White "Greinert, Timo"]
[Black "Moritz, Hartmut"]
[Result "1/2-1/2"]
[WhiteElo "1867"]
[BlackElo "1927"]
[PlyCount "33"]
[EventDate "2004.10.24"]
[EventType "team"]
[EventRounds "9"]
[EventCountry "GER"]
[SourceTitle "EXT 2009"]
[Source "ChessBase"]
[SourceDate "2008.11.26"]
[SourceVersion "1"]
[SourceVersionDate "2008.11.26"]
[SourceQuality "1"]
[WhiteTeam "Torgelow Greif"]
[BlackTeam "Rostock II"]
[WhiteTeamCountry "GER"]
[BlackTeamCountry "GER"]

1. c4 Nf6 2. Nc3 e6 3. Nf3 d5 4. cxd5 exd5 5. d4 c6 6. Bg5 Be7 7. e3 Bg4 8. h3 Bh5 9. Be2 Nbd7 10. 0-0 0-0 11. Qc2 Ne8 12. Bxe7 Qxe7 13. Rac1 Nd6 14. Rfe1 Rae8 15. Nd2 Bxe2 16. Rxe2 f5 17. f4 1/2-1/2